00937nam a2200265Ia 4500008004100000020001500041040001800056041000800074111008100082245015600163250001200319260004500331300001800376490003400394504002100428650003100449650002700480650002500507650001900532650002400551650002000575650002300595700002300618700003000641130821s1995 ag gr spa  a9501270254 aCo-BoUCMbspa aspa aEncuentro Internacional de Redes Sociales (1 : 1993 oct. 4-9 : Buenos Aires) 0aRedes El lenguaje de los vínculos, hacia la reconstrucción y el fortalecimiento de la sociedad civilcCompiladoras Elisa Dabas; Denise Najmanovick a1a. ed. aBuenos Aires (Argentina)bPaidósc1995 a455 páginas aPaidós Ideas y Perspectivas aIncluye índice04aAdministración pública04aDesarrollo comunitario04aInteracción social04aRedes sociales04aRelaciones sociales04aServicio social04aServicios sociales1 aDabas, ElisaeComp1 aMajmanovick, DeniseeComp